Κατανομή παρουσίας μελισσών και συρφίδων στη νήσο Λέσβο με χαρτογραφική απεικόνιση

Αποθηκεύτηκε σε:
Λεπτομέρειες βιβλιογραφικής εγγραφής
Κύριος συγγραφέας: Γκασούκα, Γιαννούλα
Συγγραφή απο Οργανισμό/Αρχή: Πανεπιστήμιο Αιγαίου. Σχολή Κοινωνικών Επιστημών. Τμήμα Γεωγραφίας
Άλλοι συγγραφείς: Πετανίδου, Θεοδώρα (Εισηγητής διατριβής)
Μορφή: Thesis Βιβλίο
Γλώσσα:Greek
Δημοσίευση: 2009
Θέματα:
Διαθέσιμο Online:http://hdl.handle.net/11610/6327
Ετικέτες: Προσθήκη ετικέτας
Δεν υπάρχουν, Καταχωρήστε ετικέτα πρώτοι!

MARC

LEADER 00000cam a2200000 i 4500
001 1/1956
008 091009s2009 gre d
035 |l 10105801 
040 |a GR-MY-UA  |b gre  |e aacr 
041 0 |a gre 
082 0 |a 595.79  |2 (22) 
100 1 |a Γκασούκα, Γιαννούλα. 
245 1 0 |a Κατανομή παρουσίας μελισσών και συρφίδων στη νήσο Λέσβο με χαρτογραφική απεικόνιση /  |c Γκασούκα Γιαννούλα ; [επιβλέπουσα καθηγήτρια: Πετανίδου Θεοδώρα] 
260 |c 2009 
300 |a 38 σ.;  |b χαρτ.;  |c 30 εκ. 
502 |a Πτυχιακή εργασία – Πανεπιστήμιο Αιγαίου, Λέσβος, 2009. 
504 |a Βιβλιογραφία: σ. 3538 
650 0 0 |a Bees. 
650 0 |a Bees  |x Habitat  |z Greece  |z Lesbos (Municipality) 
650 0 |a Insects  |z Greece  |z Lesbos (Municipality) 
650 0 0 |a Insect pollinators. 
650 0 0 |a Wasps  |x Habitat  |z Greece  |z Lesbos (Municipality) 
650 0 0 |a Bees  |x Ecology. 
650 0 0 |a Dissertations, Academic  |z Greece. 
700 1 |a Πετανίδου, Θεοδώρα.  |4 ths 
710 2 |a Πανεπιστήμιο Αιγαίου.   |b Σχολή Κοινωνικών Επιστημών.   |b Τμήμα Γεωγραφίας. 
852 |a INST  |b LESVOS  |c DIATR  |e 20091009  |h 521  |p 005100046308  |q 005100046308  |t DIE  |y 23 
852 |a INST  |b LESVOS  |c DIATR  |e 20091009  |h 522  |p 005100046305  |q 005100046305  |t DIE  |y 23 
856 |u http://hdl.handle.net/11610/6327 
901 |a BIBL1-2009-3 
909 |a Λ  |b 159451 
909 |a Λ  |b 159450 
924 |a ΓΚΑΣΟΥΚΑ  |b ΓΙΑΝΝΟΥΛΑ  |y ΛΕΣΒΟΣ  |z 2009-05 
970 |a ΤΖΑΦΕΡΗ  |b ΕΥΑΓΓΕΛΙΑ  |z 2009/10/09